000 00274nam a2200097Ia 4500
082 _a920 TROV
245 0 _aThe whipping boy : 2008-2011
100 _a Trovato, Ben Johannesburg, South Africa, 2011
_942583
942 _cBK
008 210817s9999 xx 000 0 und d
999 _c144571
_d144570